| 000 | 00000nam 2200000zi 4500 |
| 001 | 9.954181 |
| 003 | CaOODSP |
| 005 | 20250818102510 |
| 006 | m o d f |
| 007 | cr cn||||||||| |
| 008 | 250818t20252025oncd obs f000 0 fre d |
| 040 | |aCaOODSP|bfre|erda|cCaOODSP |
| 043 | |an-cn--- |
| 086 | 1 |aCS14-28-0001/2025-1-4F-PDF |
| 100 | 1 |aEtmanski, Brittany, |eauteur. |
| 245 | 10|aAccès aux congés payés, 2024 / |cpar Brittany Etmanski. |
| 264 | 1|a[Ottawa] : |bStatistique Canada = Statistics Canada, |c2025. |
| 264 | 4|c©2025 |
| 300 | |a1 ressource en ligne (4 pages) : |bgraphiques. |
| 336 | |atexte|btxt|2rdacontent/fre |
| 337 | |ainformatique|bc|2rdamedia/fre |
| 338 | |aressource en ligne|bcr|2rdacarrier/fre |
| 490 | 1 |aQualité de l'emploi au Canada, |x2818-1255 |
| 500 | |aTitre de la couverture. |
| 500 | |a« Date de diffusion : le 18 août 2025. » |
| 500 | |aPublié aussi en anglais sous le titre : Paid leave entitlement, 2024. |
| 504 | |aComprend des références bibliographiques. |
| 520 | |a"En 2024, un peu moins des trois quarts (72,9 %) des employés au Canada ont déclaré avoir accès à des congés annuels payés. Les employés permanents enregistraient un taux d’accès à des congés payés nettement plus élevé que celui des employés non permanents, tout comme les employés occupant leur emploi depuis un an ou plus comparativement aux employés avec une durée d’emploi de moins de 12 mois"--Page 1. |
| 650 | 6|aCongés payés|zCanada|vStatistiques. |
| 655 | 7|aStatistiques|2rvmgf |
| 710 | 2 |aStatistique Canada, |eorganisme de publication. |
| 775 | 08|tPaid leave entitlement, 2024 / |w(CaOODSP)9.954179 |
| 830 | #0|aQualité de l'emploi au Canada,|x2818-1255|w(CaOODSP)9.940414 |
| 856 | 40|qPDF|s244 Ko|uhttps://publications.gc.ca/collections/collection_2025/statcan/14-28-0001/CS14-28-0001-2025-1-4-fra.pdf |
| 856 | 4 |qHTML|sS.O.|uhttps://www150.statcan.gc.ca/n1/pub/14-28-0001/2025001/article/00004-fra.htm |